[Event "Superettan(Vasteras II-Kamraterna)"]
[Site "?"]
[Date "2015.11.07"]
[Round "2"]
[White "Svensson, Bengt"]
[Black "Norberg, Erik"]
[Result "1-0"]
[WhiteElo "2342"]
[BlackElo "2245"]
[PlyCount "151"]
[EventDate "2015.??.??"]
1. e4 g6 2. d4 Bg7 3. Nc3 c6 4. Nf3 d5 5. h3 dxe4 6. Nxe4 Nd7 7. Bd3 Ngf6 8.
O-O Nxe4 9. Bxe4 Nf6 10. Bd3 O-O 11. c3 Qc7 12. Re1 b6 13. Qe2 Nd5 14. Bc4 e6
15. Ne5 Bb7 16. Bxd5 cxd5 17. Bf4 Qc8 18. Ng4 h5 19. Ne5 Ba6 20. Qe3 Qe8 21.
Bh6 Rc8 22. Bxg7 Kxg7 23. a4 f6 24. a5 Rb8 25. axb6 Rxb6 26. Nd3 Bxd3 27. Rxa7+
Rf7 28. Rxf7+ Kxf7 29. Qxd3 Rxb2 30. c4 dxc4 31. Qxc4 Qd7 32. Qc3 Rb5 33. Qe3
Rg5 34. Rc1 Qb7 35. g3 Kg7 36. Qxe6 Rd5 37. Rc7+ Qxc7 38. Qxd5 h4 39. gxh4 Qf4
40. Qd7+ Kh6 41. Qe8 Kg7 42. Qe7+ Kg8 43. d5 Qxh4 44. Qe3 Qh5 45. Qe6+ Kg7 46.
Qe7+ Kh6 47. Qe3+ Kg7 48. Qd3 Qg5+ 49. Kf1 Qc1+ 50. Ke2 Qb2+ 51. Kf3 Kf7 52.
Qe3 Qb1 53. Qe6+ Kg7 54. d6 Qb7+ 55. Kg3 g5 56. d7 Qc7+ 57. Kg2 Qb7+ 58. Kg1
Qb1+ 59. Kh2 Qb8+ 60. Kg2 Qb7+ 61. f3 Qb2+ 62. Kg3 Qb8+ 63. Kf2 Qb2+ 64. Kf1
Qb1+ 65. Kf2 Qb2+ 66. Kf1 Qb1+ 67. Ke2 Qb5+ 68. Kd2 Qa5+ 69. Kd3 Qb5+ 70. Kd4
Qb4+ 71. Kd5 Qb3+ 72. Kd6 Qb8+ 73. Kc5 Qa7+ 74. Kd5 Qb7+ 75. Kc4 Qc7+ 76. Kd3
1-0

[Event "Superettan(Vaxjo-Upsala)"]
[Site "?"]
[Date "2015.11.07"]
[Round "2"]
[White "Olofsson-Dolk, Mattis"]
[Black "Johansson, Thomas"]
[Result "0-1"]
[WhiteElo "2258"]
[BlackElo "2203"]
[PlyCount "220"]
[EventDate "2015.??.??"]
1. d4 d5 2. c4 c6 3. Nf3 Nf6 4. Nc3 a6 5. c5 Nbd7 6. Bf4 Nh5 7. Qd2 Nxf4 8.
Qxf4 g6 9. e4 dxe4 10. Nxe4 Qa5+ 11. Nc3 Bg7 12. Bc4 O-O 13. Ng5 e5 14. Bxf7+
Kh8 15. Qh4 h6 16. O-O exd4 17. Nce4 Nxc5 18. Bxg6 Nxe4 19. Nxe4 Bf5 20. Qh5
Qd5 21. Ng3 Bxg6 22. Qxg6 Qf7 23. Qd3 c5 24. Rac1 Rac8 25. Ne4 Qd5 26. b3 b5
27. Nd2 Qf5 28. Qxf5 Rxf5 29. Rfe1 Re5 30. Rxe5 Bxe5 31. g3 d3 32. Kf1 Bb2 33.
Rb1 Ba3 34. Ne4 c4 35. bxc4 bxc4 36. Nc3 a5 37. Rb7 Bf8 38. Rd7 Bg7 39. Nb5 c3
40. Nxc3 Rxc3 41. Ke1 Ra3 42. Kd2 Rxa2+ 43. Kxd3 Rxf2 44. Ra7 Ra2 45. Ke4 Kg8
46. Kf5 a4 47. Kg6 Bf8 48. h4 a3 49. g4 Rc2 50. g5 Rc6+ 51. Kh5 hxg5 52. hxg5
Re6 53. Kg4 Re5 54. Kf4 Rb5 55. Kg4 Bb4 56. Ra8+ Kf7 57. Ra7+ Be7 58. g6+ Ke6
59. Kf4 Rb4+ 60. Kf3 Rb8 61. Kg4 Rb5 62. Kf4 Rb4+ 63. Kf3 Rb8 64. Kg4 Rg8 65.
Kh5 Rh8+ 66. Kg4 Rh1 67. Ra6+ Kd5 68. Ra5+ Bc5 69. Kg5 Rg1+ 70. Kf6 Kc4 71. Kf7
Rf1+ 72. Ke6 Bd4 73. Rxa3 Rf6+ 74. Kd7 Rxg6 75. Ra5 Bc5 76. Ra1 Kd5 77. Rd1+
Bd4 78. Rd2 Rg7+ 79. Kd8 Rh7 80. Rd1 Ke5 81. Rd2 Bb6+ 82. Kc8 Ke6 83. Rd1 Ba5
84. Kb8 Bc3 85. Kc8 Be5 86. Rg1 Rc7+ 87. Kd8 Rc2 88. Re1 Rb2 89. Rc1 Rb8+ 90.
Rc8 Rb7 91. Rc1 Rh7 92. Kc8 Rh8+ 93. Kb7 Rb8+ 94. Ka6 Bd4 95. Rh1 Kd5 96. Rh5+
Kc4 97. Rh1 Rb6+ 98. Ka5 Rb7 99. Rh6 Ra7+ 100. Ra6 Rc7 101. Rh6 Rg7 102. Rc6+
Bc5 103. Rh6 Ra7+ 104. Ra6 Rb7 105. Rh6 Rb1 106. Rh4+ Bd4 107. Ka6 Rb6+ 108.
Ka5 Rg6 109. Re4 Rg5+ 110. Ka6 Rg7 0-1

[Event "Superettan(Schack 08-Solna)"]
[Site "?"]
[Date "2015.11.07"]
[Round "2"]
[White "Drugge, Patrick"]
[Black "Lindborg, Petter"]
[Result "1/2-1/2"]
[WhiteElo "2173"]
[BlackElo "2227"]
[PlyCount "85"]
[EventDate "2015.??.??"]
1. e4 e6 2. d4 d5 3. exd5 exd5 4. Nf3 Bd6 5. c4 Nf6 6. c5 Be7 7. Bd3 O-O 8. Nc3
b6 9. cxb6 axb6 10. Bf4 Bd6 11. Be5 c6 12. h3 Ba6 13. O-O Bxd3 14. Qxd3 Ne8 15.
Rfe1 f6 16. Bxd6 Nxd6 17. Re6 Na6 18. Rae1 Nc7 19. R6e3 Re8 20. Nh4 Qd7 21.
Rxe8+ Rxe8 22. Rxe8+ Qxe8 23. Nf5 Qe1+ 24. Kh2 Qe6 25. Ng3 b5 26. b3 b4 27. Na4
Ne4 28. Qe3 Qd6 29. Kg1 Nxg3 30. fxg3 Kf7 31. Nc5 Nb5 32. Kh2 Qc7 33. Qd2 Qa7
34. Qxb4 Qxa2 35. Nd7 Qe2 36. Qf8+ Kg6 37. Qg8 Kh6 38. Nf8 Qe4 39. Ne6 Qg6 40.
Nf8 Qe4 41. Ne6 Qg6 42. Nd8 Qe4 43. Ne6 1/2-1/2

[Event "Superettan(Vasteras II-Kamraterna)"]
[Site "?"]
[Date "2015.11.07"]
[Round "2"]
[White "Backman, Andreas"]
[Black "Hamark, Jesper"]
[Result "0-1"]
[WhiteElo "2162"]
[BlackElo "2331"]
[PlyCount "88"]
[EventDate "2015.??.??"]
1. d4 g6 2. e4 Bg7 3. c3 d6 4. Bg5 Nf6 5. Nd2 O-O 6. Ngf3 h6 7. Bh4 Bg4 8. h3
Bxf3 9. Qxf3 Nbd7 10. g4 e5 11. dxe5 Nxe5 12. Qg2 Qd7 13. f4 Nc6 14. Bxf6 Bxf6
15. h4 Bg7 16. g5 h5 17. O-O-O Ne7 18. f5 Be5 19. Nc4 Nc6 20. Kb1 b5 21. Ne3 b4
22. c4 Kh7 23. Nd5 Rg8 24. Qf2 Rae8 25. c5 Ne7 26. c6 Qxc6 27. Rc1 Qa4 28. Nf6+
Bxf6 29. gxf6 b3 30. axb3 Qxe4+ 31. Qc2 Qxh1 32. fxg6+ Nxg6 33. Qxc7 Qe4+ 34.
Ka1 Rgf8 35. Qa5 Re5 36. Qa6 Qf5 37. b4 Qxf6 38. Bd3 Qe6 39. Qb7 Re8 40. Qf3
Re1 41. Rxe1 Qxe1+ 42. Ka2 Qe6+ 43. Ka3 Kg7 44. b3 Qf6 0-1

[Event "Superettan(Vaxjo-Upsala)"]
[Site "?"]
[Date "2015.11.07"]
[Round "2"]
[White "Malm Lindberg, Henrik"]
[Black "Lindahl, Emil"]
[Result "0-1"]
[WhiteElo "2242"]
[BlackElo "2182"]
[PlyCount "132"]
[EventDate "2015.??.??"]
1. e4 c5 2. Nf3 e6 3. d4 cxd4 4. Nxd4 a6 5. Nc3 Qc7 6. Be2 Nf6 7. O-O Nc6 8.
Be3 b5 9. f4 b4 10. e5 bxc3 11. exf6 cxb2 12. Rb1 Rb8 13. c3 gxf6 14. f5 Be7
15. Qd2 Na5 16. Rxb2 Rxb2 17. Qxb2 Nc4 18. Bxc4 Qxc4 19. fxe6 fxe6 20. Rf3 Rg8
21. Rh3 Qd5 22. Rg3 Rxg3 23. hxg3 Bb7 24. Nf3 Kf7 25. Kf2 Bc6 26. Qc2 Qe4 27.
Qxe4 Bxe4 28. Nd2 Bd3 29. Kf3 d5 30. Bb6 Bd6 31. g4 Be5 32. Bd4 Bc7 33. Bc5 Ba5
34. Ke3 Bb5 35. Kd4 Bc6 36. Bb4 Bb6+ 37. Kd3 e5 38. Ke2 Bb5+ 39. Ke1 Ke6 40.
Nf3 a5 41. Bf8 Kf7 42. Bd6 Ke6 43. Bf8 Be3 44. Nd2 a4 45. Nf3 Bd3 46. Bb4 h6
47. Bf8 Kf7 48. Bd6 Bc4 49. a3 Ke6 50. Bf8 Bb5 51. Bb4 Be8 52. Nh4 Bg5 53. Nf3
Bf4 54. Ke2 h5 55. gxh5 Bxh5 56. Ke1 Bg3+ 57. Kf1 Be8 58. Bc5 Bb5+ 59. Kg1 Kf5
60. Be7 Be2 61. Bb4 Ke4 62. Be7 Bxf3 63. gxf3+ Kxf3 64. Bxf6 Ke3 65. Kg2 Bf4
66. Bg7 Kd3 0-1

[Event "Superettan(Schack 08-Solna)"]
[Site "?"]
[Date "2015.11.07"]
[Round "2"]
[White "Lundvik, Jonas"]
[Black "Faldt, Magnus"]
[Result "1-0"]
[WhiteElo "2194"]
[BlackElo "2197"]
[PlyCount "97"]
[EventDate "2015.??.??"]
1. Nf3 d5 2. d4 Nf6 3. Bg5 Ne4 4. Bh4 g6 5. Nbd2 Bg7 6. e3 c5 7. c3 Nxd2 8.
Qxd2 cxd4 9. cxd4 Nc6 10. Rc1 O-O 11. Bb5 Bd7 12. O-O Re8 13. Rc5 a6 14. Be2
Bf5 15. Rfc1 Qd7 16. Bg3 Rec8 17. h3 Be6 18. Ng5 Bf5 19. Bf3 e6 20. Bd1 Bf8 21.
Nf3 Bxc5 22. dxc5 f6 23. Bd6 g5 24. b4 Nd8 25. Nd4 Bg6 26. Bb3 Nf7 27. Bg3 Re8
28. Qd1 Nd8 29. Bd6 Bf7 30. h4 e5 31. Nf3 g4 32. Nh2 h5 33. f3 d4 34. Ba4 Nc6
35. fxg4 dxe3 36. gxh5 Kh8 37. Qf3 f5 38. Qxe3 Qe6 39. Nf3 f4 40. Qe4 Qd5 41.
Bxc6 bxc6 42. Bxe5+ Kg8 43. Qxf4 Re6 44. Qg3+ Kf8 45. Qg7+ Ke8 46. Bd6 Bxh5 47.
Rf1 Bxf3 48. Rxf3 Qd1+ 49. Kh2 1-0

[Event "Superettan(Vasteras II-Kamraterna)"]
[Site "?"]
[Date "2015.11.07"]
[Round "2"]
[White "Madebrink, Lars"]
[Black "Lundback, Anders"]
[Result "1-0"]
[WhiteElo "2195"]
[BlackElo "1971"]
[PlyCount "65"]
[EventDate "2015.??.??"]
1. c4 Nf6 2. Nc3 c6 3. Nf3 d5 4. e3 g6 5. d4 Bg7 6. Bd3 Nbd7 7. O-O O-O 8. h3
Re8 9. cxd5 cxd5 10. Qb3 e6 11. Bd2 a6 12. Rfc1 Qb6 13. Qc2 Qd6 14. Qa4 Rb8 15.
Ne2 e5 16. Bb4 Qb6 17. dxe5 Ne4 18. Rc2 Qd8 19. Ned4 Nxe5 20. Nxe5 Bxe5 21. Ba5
Qe7 22. Bb6 Bd7 23. Qb3 Be6 24. Rac1 Qh4 25. Nf3 Qf6 26. Nxe5 Qxe5 27. Bc7 Qg5
28. Bxb8 Rxb8 29. Kf1 Qe5 30. Qb6 Qf5 31. Qd4 Re8 32. Bxe4 dxe4 33. Rc5 1-0

[Event "Superettan(Vaxjo-Upsala)"]
[Site "?"]
[Date "2015.11.07"]
[Round "2"]
[White "Alle Wahlin, Ambjorn"]
[Black "Johansson, Carl Fredrik"]
[Result "1-0"]
[WhiteElo "2227"]
[BlackElo "2154"]
[PlyCount "99"]
[EventDate "2015.??.??"]
1. Nf3 c5 2. c4 Nf6 3. Nc3 d5 4. cxd5 Nxd5 5. d4 e6 6. e3 cxd4 7. exd4 Nxc3 8.
bxc3 Qc7 9. Bd2 Be7 10. Bd3 Nd7 11. O-O O-O 12. Qe2 Nf6 13. Ne5 b6 14. Rfe1 Bb7
15. Qe3 Rfd8 16. Qh3 b5 17. Ng4 b4 18. Nxf6+ Bxf6 19. Qxh7+ Kf8 20. Rac1 Qd6
21. Rb1 a5 22. a3 b3 23. a4 Rac8 24. Be4 Bd5 25. Bxd5 Qxd5 26. Qd3 Rb8 27. Rb2
Rb7 28. Be3 Qc6 29. Ra1 Rc8 30. Bd2 Be7 31. Qh7 Bf6 32. Qb1 Qc4 33. Ra3 Rcb8
34. g3 e5 35. Qh7 exd4 36. Ra1 Be5 37. Re1 f6 38. Re4 Qd5 39. cxd4 Bxd4 40. Rb1
Bxf2+ 41. Kxf2 Qxd2+ 42. Kg1 Qg5 43. Rbe1 Kf7 44. Qh3 Qc5+ 45. Kf1 b2 46. Qe6+
Kf8 47. Rh4 Qf5+ 48. Qxf5 b1=Q 49. Rh8+ Kf7 50. Qd5+ 1-0

[Event "Superettan(Schack 08-Solna)"]
[Site "?"]
[Date "2015.11.07"]
[Round "2"]
[White "Sternlund, Hakan"]
[Black "Wallgren, Ulf"]
[Result "1/2-1/2"]
[WhiteElo "2120"]
[BlackElo "2147"]
[PlyCount "43"]
[EventDate "2015.??.??"]
1. c4 f5 2. Nc3 Nf6 3. g3 g6 4. Bg2 Bg7 5. Nf3 d6 6. d4 O-O 7. O-O Nc6 8. d5
Na5 9. Nd2 c5 10. Qc2 e5 11. dxe6 Bxe6 12. b3 Nc6 13. Bb2 Qe7 14. Nf3 Kh8 15.
Rad1 Rad8 16. Rd2 d5 17. Nxd5 Nxd5 18. Bxg7+ Kxg7 19. cxd5 Bxd5 20. Qc3+ Kg8
21. Rfd1 Bxf3 22. Rxd8 1/2-1/2

[Event "Superettan(Vasteras II-Kamraterna)"]
[Site "?"]
[Date "2015.11.07"]
[Round "2"]
[White "Grueso Cordoba, Santiago"]
[Black "Svenn, Gosta"]
[Result "0-1"]
[WhiteElo "1772"]
[BlackElo "2283"]
[PlyCount "40"]
[EventDate "2015.??.??"]
1. d4 Nf6 2. c4 g6 3. Nc3 Bg7 4. e4 d6 5. Nf3 O-O 6. Be2 e5 7. O-O Nc6 8. d5
Ne7 9. Nd2 Nd7 10. b4 f5 11. a4 Nf6 12. f3 Bh6 13. Ba3 Be3+ 14. Kh1 f4 15. c5
Nh5 16. Qe1 Nf5 17. exf5 Ng3+ 18. hxg3 Qg5 19. Rf2 fxg3 20. Nf1 Qh4+ 0-1

[Event "Superettan(Vaxjo-Upsala)"]
[Site "?"]
[Date "2015.11.07"]
[Round "2"]
[White "Cederberg, Karl Olof"]
[Black "Gutzmann, Tobias"]
[Result "0-1"]
[WhiteElo "2206"]
[BlackElo "2121"]
[PlyCount "90"]
[EventDate "2015.??.??"]
1. Nf3 d5 2. d3 Nf6 3. Nbd2 c5 4. e4 e6 5. g3 Nc6 6. Bg2 Be7 7. O-O O-O 8. Re1
Qc7 9. Nf1 dxe4 10. dxe4 Rd8 11. Qe2 Nd4 12. Qd1 Nb3 13. Bf4 Rxd1 14. Bxc7 Rxa1
15. axb3 Rxe1 16. Nxe1 Bd7 17. Nd3 Rc8 18. Ba5 c4 19. bxc4 Rxc4 20. Ne3 Ra4 21.
Be1 Bc6 22. f3 Nd7 23. Bc3 Bb5 24. b3 Ra2 25. Nb4 Ra3 26. Bf1 Bxf1 27. Kxf1
Bxb4 28. Bxb4 Ra2 29. Ke2 b5 30. Bd6 f6 31. Kd3 Ra6 32. Bb4 Ne5+ 33. Ke2 Ra1
34. f4 Nc6 35. Bc3 Rc1 36. Bb2 Rb1 37. Bc3 a5 38. Kd3 h5 39. Bd2 Kf7 40. f5 a4
41. bxa4 bxa4 42. fxe6+ Kxe6 43. Nd5 a3 44. Nc3 Nb4+ 45. Kc4 a2 0-1

[Event "Superettan(Schack 08-Solna)"]
[Site "?"]
[Date "2015.11.07"]
[Round "2"]
[White "Dalmau, Jorgen"]
[Black "Andersson, Bo"]
[Result "0-1"]
[WhiteElo "2134"]
[BlackElo "1871"]
[PlyCount "54"]
[EventDate "2015.??.??"]
1. e4 d6 2. d4 Nf6 3. Nc3 g6 4. Be3 Bg7 5. Qd2 Ng4 6. Bg5 h6 7. Bh4 Nd7 8. Be2
Ngf6 9. f4 c5 10. Nf3 cxd4 11. Nxd4 a6 12. Bf3 Qc7 13. O-O-O h5 14. Bg5 Nb6 15.
Rhe1 Bg4 16. e5 dxe5 17. fxe5 Nh7 18. Bxg4 Nxg5 19. Qf4 hxg4 20. Qxg4 Rxh2 21.
Kb1 Rh5 22. Nf5 Bxe5 23. Nd5 Nxd5 24. Rxd5 Ne6 25. Nh4 Rg5 26. Qe2 Nf4 27. Qe4
Nxd5 0-1

[Event "Superettan(Vasteras II-Kamraterna)"]
[Site "?"]
[Date "2015.11.07"]
[Round "2"]
[White "Svenn, Matti"]
[Black "Gillefalk, Bjorn"]
[Result "0-1"]
[WhiteElo "2180"]
[BlackElo "2081"]
[PlyCount "46"]
[EventDate "2015.??.??"]
1. c4 Nf6 2. Nc3 e5 3. g3 Bb4 4. Bg2 O-O 5. Nf3 Nc6 6. O-O e4 7. Ne1 Bxc3 8.
bxc3 d5 9. cxd5 Qxd5 10. d4 Qh5 11. f3 Re8 12. Nc2 exf3 13. exf3 Bh3 14. Ne3
Bxg2 15. Kxg2 Nd5 16. Qd3 Rad8 17. Nxd5 Qxd5 18. Bf4 Re7 19. Rf2 Rde8 20. Rb1
a6 21. Rxb7 Ne5 22. Qxa6 Nxf3 23. g4 Ng5+ 0-1

[Event "Superettan(Vaxjo-Upsala)"]
[Site "?"]
[Date "2015.11.07"]
[Round "2"]
[White "Sevastianov, Andrii"]
[Black "Svensson, Mans"]
[Result "0-1"]
[WhiteElo "2149"]
[BlackElo "2148"]
[PlyCount "86"]
[EventDate "2015.??.??"]
1. c4 e5 2. g3 Nc6 3. Nc3 f5 4. Bg2 Nf6 5. d3 Bb4 6. Bd2 O-O 7. a3 Bxc3 8. Bxc3
d6 9. e4 Qe8 10. Ne2 Qh5 11. f3 Qg6 12. Qd2 Bd7 13. O-O Rae8 14. b4 Be6 15. b5
Nd8 16. c5 Bd7 17. cxd6 cxd6 18. Qb2 Nf7 19. exf5 Bxf5 20. d4 Nd5 21. dxe5 dxe5
22. Bd2 Bd3 23. Rf2 Rc8 24. Rc1 Qb6 25. Bh3 Rxc1+ 26. Nxc1 Bxb5 27. Be6 Qxe6
28. Qxb5 Nb6 29. Nd3 Qc4 30. Qxc4 Nxc4 31. Nc5 Rd8 32. Bb4 Ng5 33. Rc2 Nh3+ 34.
Kg2 Ne3+ 35. Kxh3 Nxc2 36. Nxb7 Rd3 37. Bc5 Rxf3 38. Nd6 a5 39. Kg4 Rc3 40. Ne4
Rb3 41. Kf5 Nxa3 42. Kxe5 a4 43. Bd6 Nc4+ 0-1

[Event "Superettan(Schack 08-Solna)"]
[Site "?"]
[Date "2015.11.07"]
[Round "2"]
[White "Arvidsson, Tomas"]
[Black "Bjarnehag, Peter"]
[Result "1/2-1/2"]
[WhiteElo "1970"]
[BlackElo "2118"]
[PlyCount "61"]
[EventDate "2015.??.??"]
1. e4 c5 2. Nc3 Nc6 3. g3 g6 4. Bg2 Bg7 5. d3 Rb8 6. Be3 d6 7. f4 e6 8. Nf3
Nge7 9. d4 Qb6 10. Ne2 Qxb2 11. Rb1 Qa3 12. Qd2 b6 13. Rb3 Qa5 14. c3 Ba6 15.
O-O cxd4 16. Nfxd4 Nxd4 17. Nxd4 O-O 18. Rf2 Bc4 19. Rb4 d5 20. f5 exf5 21.
exf5 Nxf5 22. Nxf5 gxf5 23. Bh6 f6 24. Bxg7 Kxg7 25. Bh3 Rbe8 26. Bxf5 Qc5 27.
Qf4 Qe3 28. Qh4 Qh6 29. Qd4 Re1+ 30. Kg2 Qe3 31. Qh4 1/2-1/2

[Event "Superettan(Vasteras II-Kamraterna)"]
[Site "?"]
[Date "2015.11.07"]
[Round "2"]
[White "Emmoth, Alfons"]
[Black "Borvander, Tom"]
[Result "0-1"]
[WhiteElo "1832"]
[BlackElo "2148"]
[PlyCount "84"]
[EventDate "2015.??.??"]
1. d4 Nf6 2. c4 g6 3. Nc3 Bg7 4. e4 d6 5. Nf3 O-O 6. Be2 e5 7. O-O Nc6 8. d5
Ne7 9. Ne1 Nd7 10. Nd3 f5 11. Bd2 Nf6 12. f3 Rf7 13. c5 f4 14. Rc1 g5 15. cxd6
cxd6 16. Nf2 Ng6 17. Nb5 a6 18. Na3 b5 19. Qe1 h5 20. Ba5 Qf8 21. h3 Bh6 22.
Rc6 Bd7 23. Rb6 g4 24. fxg4 hxg4 25. hxg4 f3 26. Bxf3 Bf4 27. Nh3 Bxg4 28. Nxf4
Nxf4 29. Bd2 Rg7 30. Bxf4 exf4 31. Qh4 Qe7 32. Rc6 Qa7+ 33. Qf2 Bxf3 34. Qxa7
Rxg2+ 35. Kh1 Rf2+ 36. Kg1 Rxf1+ 37. Kxf1 Rxa7 38. e5 Nxd5 39. Rxd6 Be4 40. Kf2
Rg7 41. Rxa6 Rg2+ 42. Ke1 f3 0-1

[Event "Superettan(Malmo-Rockaden,Umea)"]
[Site "?"]
[Date "2015.11.07"]
[Round "2"]
[White "Petrov, Marijan"]
[Black "Gajic, Mladen"]
[Result "1-0"]
[WhiteElo "2478"]
[BlackElo "2253"]
[PlyCount "55"]
[EventDate "2015.??.??"]
1. e4 Nc6 2. Nf3 d6 3. d4 Nf6 4. Nc3 g6 5. d5 Nb8 6. Be2 Bg7 7. Be3 O-O 8. O-O
Bg4 9. a4 c5 10. Nd2 Bxe2 11. Qxe2 Nfd7 12. f4 Na6 13. a5 Nc7 14. Nc4 Rb8 15.
Bf2 e6 16. Nxd6 exd5 17. exd5 Bxc3 18. bxc3 Nxd5 19. Qf3 N7f6 20. Bxc5 b6 21.
axb6 axb6 22. Ba3 Ra8 23. c4 Nc7 24. Rad1 Qb8 25. f5 g5 26. h4 h6 27. hxg5 hxg5
28. Bb2 1-0

[Event "Superettan(Rockaden,Sthlm II-Orgryte)"]
[Site "?"]
[Date "2015.11.07"]
[Round "2"]
[White "Tukhaev, Adam"]
[Black "Berglind, Axel"]
[Result "1-0"]
[WhiteElo "2569"]
[BlackElo "2078"]
[PlyCount "69"]
[EventDate "2015.??.??"]
1. e4 c5 2. Nf3 d6 3. d4 cxd4 4. Nxd4 Nf6 5. Nc3 a6 6. Be3 e5 7. Nb3 Be6 8. h3
Nbd7 9. g4 Rc8 10. Qd2 b5 11. O-O-O Be7 12. Kb1 Nb6 13. g5 Nfd7 14. f4 exf4 15.
Bxf4 Ne5 16. Nd5 Nxd5 17. exd5 Bf5 18. Nd4 Nf3 19. Nxf3 Rxc2 20. Qxc2 Bxc2+ 21.
Kxc2 Qc8+ 22. Kb3 Qc5 23. Rd4 a5 24. a3 O-O 25. Bd3 Qb6 26. Re1 Qb7 27. h4 Rc8
28. h5 Rc5 29. g6 hxg6 30. hxg6 fxg6 31. Bxg6 Rc4 32. Bf5 Bf6 33. Bxd6 Rxd4 34.
Re8+ Kf7 35. Rf8# 1-0

[Event "Superettan(Malmo-Rockaden,Umea)"]
[Site "?"]
[Date "2015.11.07"]
[Round "2"]
[White "Schandorff, Lars"]
[Black "Forsberg, Viktor"]
[Result "1-0"]
[WhiteElo "2519"]
[BlackElo "2361"]
[PlyCount "95"]
[EventDate "2015.??.??"]
1. d4 Nf6 2. c4 e6 3. Nc3 d5 4. cxd5 exd5 5. Bg5 c6 6. Qc2 Nbd7 7. e3 Be7 8.
Bd3 Nh5 9. Bxe7 Qxe7 10. Nge2 Nb6 11. O-O g6 12. Rae1 O-O 13. Nc1 Be6 14. f3
Rad8 15. Qf2 f5 16. Bc2 Kh8 17. Nd3 Bg8 18. Na4 Nc4 19. b3 Nd6 20. Ne5 Nf7 21.
Nxf7+ Qxf7 22. Nc5 Rfe8 23. Nd3 f4 24. exf4 Nxf4 25. Ne5 Qf6 26. Kh1 g5 27. g3
Ne6 28. b4 Re7 29. Qe3 Rde8 30. f4 gxf4 31. gxf4 Qh4 32. Re2 Rg7 33. Ref2 Rf8
34. Bd3 Rf6 35. Be2 Rh6 36. Ng4 Rxg4 37. Bxg4 Qxg4 38. f5 Qe4+ 39. Qxe4 dxe4
40. fxe6 Rxe6 41. Rf8 Kg7 42. Rb8 e3 43. Rg1+ Rg6 44. Rxg6+ Kxg6 45. Kg2 Bd5+
46. Kg3 Bxa2 47. Rxb7 Kf6 48. Kf3 1-0

[Event "Superettan(Rockaden,Sthlm II-Orgryte)"]
[Site "?"]
[Date "2015.11.07"]
[Round "2"]
[White "Nikolic, Vladan"]
[Black "Ziegler, Ari"]
[Result "0-1"]
[WhiteElo "2050"]
[BlackElo "2306"]
[PlyCount "84"]
[EventDate "2015.??.??"]
1. Nf3 Nf6 2. c4 g6 3. Nc3 Bg7 4. e4 O-O 5. d4 d6 6. Be2 Bg4 7. Be3 Nfd7 8. Rc1
e5 9. d5 a5 10. Nd2 Bxe2 11. Qxe2 Na6 12. O-O Nac5 13. b3 f5 14. f3 Qh4 15. Bf2
Qh5 16. Rb1 Bh6 17. Rfe1 Bf4 18. Nf1 fxe4 19. Nxe4 Nxe4 20. Qxe4 Nf6 21. Qc2 e4
22. Bg3 g5 23. fxe4 Rae8 24. h3 Nd7 25. a3 Ne5 26. Qe2 Qg6 27. Kh1 Re7 28. Bxf4
Rxf4 29. Ng3 Ref7 30. Rf1 Kh8 31. Nf5 b6 32. b4 axb4 33. axb4 Rxf1+ 34. Rxf1 g4
35. Ra1 h5 36. h4 Kh7 37. Ra8 g3 38. Nxg3 Ng4 39. Nf5 Qf6 40. Qe1 Qe5 41. Ng3
Qxg3 42. Qxg3 Rf1# 0-1

[Event "Superettan(Malmo-Rockaden,Umea)"]
[Site "?"]
[Date "2015.11.07"]
[Round "2"]
[White "Wickstrom, Lucas"]
[Black "Jobava, Baadur"]
[Result "1-0"]
[WhiteElo "2361"]
[BlackElo "2671"]
[PlyCount "99"]
[EventDate "2015.??.??"]
1. d4 Nf6 2. c4 c6 3. Nc3 d5 4. cxd5 cxd5 5. Bf4 Nc6 6. e3 a6 7. Bd3 Bg4 8. f3
Bd7 9. Nge2 e6 10. Rc1 Nh5 11. Bg3 Nxg3 12. hxg3 g6 13. f4 Bg7 14. g4 O-O 15.
g5 Rc8 16. Ng3 f5 17. Kf2 Nxd4 18. exd4 Bxd4+ 19. Ke2 Re8 20. Qb3 e5 21. Nxd5
exf4+ 22. Kd1 Rxc1+ 23. Kxc1 Be6 24. Bc4 Qc8 25. Re1 Bxd5 26. Rxe8+ Qxe8 27.
Bxd5+ Kh8 28. Nf1 Qe1+ 29. Qd1 Bxb2+ 30. Kc2 Qxd1+ 31. Kxd1 b5 32. Nd2 Be5 33.
Bb7 a5 34. Bc6 b4 35. Nc4 Bc7 36. Kc2 h6 37. gxh6 Kh7 38. Kb3 Kxh6 39. Ka4 g5
40. Nxa5 Bd6 41. Nc4 Bf8 42. Ne5 g4 43. Nd3 Kg5 44. Nxb4 Kh4 45. Nc2 Kg3 46.
Nd4 Kf2 47. Nxf5 f3 48. Nh4 Be7 49. Nxf3 Kxg2 50. Ne5+ 1-0

[Event "Superettan(Rockaden,Sthlm II-Orgryte)"]
[Site "?"]
[Date "2015.11.07"]
[Round "2"]
[White "Arnelind, Mikael"]
[Black "Backman, Michael"]
[Result "1-0"]
[WhiteElo "2190"]
[BlackElo "2101"]
[PlyCount "67"]
[EventDate "2015.??.??"]
1. d4 Nf6 2. c4 g6 3. Nc3 Bg7 4. e4 d6 5. h3 O-O 6. Be3 e5 7. d5 Nbd7 8. Nf3
Nc5 9. Nd2 Nh5 10. b4 Nd7 11. c5 a6 12. cxd6 cxd6 13. Nc4 Ndf6 14. Rc1 b5 15.
Nb6 Rb8 16. Nxc8 Rxc8 17. g3 Nd7 18. a4 Nb6 19. axb5 Nc4 20. Bxc4 Rxc4 21. bxa6
Rxb4 22. a7 Nf6 23. Ra1 Qa8 24. Qd3 Rc8 25. O-O Nd7 26. Rfb1 Rbc4 27. Nb5 Bf8
28. Rc1 Rxc1+ 29. Rxc1 Nc5 30. Bxc5 dxc5 31. d6 Bh6 32. d7 Rd8 33. Rxc5 Bg5 34.
Qd5 1-0

[Event "Superettan(Malmo-Rockaden,Umea)"]
[Site "?"]
[Date "2015.11.07"]
[Round "2"]
[White "Nilsson, Anders"]
[Black "Nygren, David"]
[Result "1-0"]
[WhiteElo "2225"]
[BlackElo "2192"]
[PlyCount "81"]
[EventDate "2015.??.??"]
1. d4 Nf6 2. c4 c5 3. d5 e6 4. Nc3 exd5 5. cxd5 d6 6. Nf3 g6 7. Bg5 h6 8. Bh4
Bg7 9. e3 g5 10. Bg3 Nh5 11. Bd3 Nxg3 12. hxg3 O-O 13. Qc2 f5 14. Nd2 a6 15. a4
Qf6 16. f4 Nd7 17. O-O g4 18. Nc4 Rb8 19. a5 Qg6 20. Na4 h5 21. Nab6 Nxb6 22.
Nxb6 Qf6 23. Rab1 h4 24. Kf2 hxg3+ 25. Kxg3 Qe7 26. Rbe1 Bd7 27. Rh1 Rbe8 28.
Nxd7 Qxd7 29. Rh5 Qf7 30. Rxf5 Bf6 31. Qe2 c4 32. Qxg4+ Qg7 33. Bxc4 Qxg4+ 34.
Kxg4 Bxb2 35. Rg5+ Bg7 36. Bd3 Rf6 37. Bf5 Rh6 38. Rb1 Re7 39. Rc1 Kf7 40. Be6+
Kf6 41. e4 1-0

[Event "Superettan(Rockaden,Sthlm II-Orgryte)"]
[Site "?"]
[Date "2015.11.07"]
[Round "2"]
[White "Sandbom, Jonas"]
[Black "Virolainen, Victor"]
[Result "1/2-1/2"]
[WhiteElo "2091"]
[BlackElo "2175"]
[PlyCount "23"]
[EventDate "2015.??.??"]
1. e4 c5 2. Nf3 d6 3. Bb5+ Bd7 4. Bxd7+ Nxd7 5. O-O Ngf6 6. Re1 Qc7 7. c4 e5 8.
Nc3 g6 9. d3 Bg7 10. Bg5 h6 11. Bxf6 Bxf6 12. Nd5 1/2-1/2

[Event "Superettan(Malmo-Rockaden,Umea)"]
[Site "?"]
[Date "2015.11.07"]
[Round "2"]
[White "Eriksson, Jorgen"]
[Black "Johansson, Thomas"]
[Result "1/2-1/2"]
[WhiteElo "2196"]
[BlackElo "2155"]
[PlyCount "146"]
[EventDate "2015.??.??"]
1. d4 d6 2. Nf3 Nf6 3. c4 Nbd7 4. Nc3 e5 5. e4 g6 6. Be2 Bg7 7. Be3 O-O 8. d5
Nh5 9. g3 Ndf6 10. h3 c5 11. Nd2 a6 12. a3 Bd7 13. Kf1 Qe7 14. Kg2 Rfc8 15. b4
b6 16. Rb1 Rab8 17. a4 Qf8 18. Qc2 Bh6 19. Nf1 Bxe3 20. Nxe3 Ng7 21. Rb2 Nfh5
22. Rhb1 Qd8 23. bxc5 Rxc5 24. Bg4 Bxg4 25. hxg4 Nf6 26. Na2 a5 27. Nc3 h5 28.
gxh5 Ngxh5 29. Qe2 Kg7 30. Rh1 Qd7 31. Qf3 Kf8 32. Rhb1 Qd8 33. Ne2 Nd7 34. Nc1
Qg5 35. Nd3 Rc7 36. Rh1 Nc5 37. Nxc5 Rxc5 38. Rhb1 Qd8 39. Rb3 Ke8 40. Qg4 Nf6
41. Qh4 Kd7 42. f3 Kc7 43. R1b2 Nd7 44. Qxd8+ Kxd8 45. g4 Rcc8 46. Kg3 Kc7 47.
Rh2 Nc5 48. Ra3 Kd7 49. Rh7 Ke7 50. Rh2 Rh8 51. Nd1 Rbc8 52. Nb2 Rxh2 53. Kxh2
Na6 54. Kg2 Nb4 55. Rc3 Kf6 56. Nd1 Kg5 57. Kg3 Rh8 58. Nf2 Rc8 59. Nd1 f6 60.
Nf2 f5 61. gxf5 gxf5 62. exf5 Kxf5 63. Ne4 Rg8+ 64. Kf2 Rg6 65. Ke3 Rh6 66. Rc1
Rg6 67. Rc3 Na6 68. Rb3 Nb4 69. Rc3 Rh6 70. Rc1 Rg6 71. Rc3 Rh6 72. Rc1 Rg6 73.
Rc3 Rh6 1/2-1/2